| 000 | nam a22 7a 4500 | ||
|---|---|---|---|
| 999 |
_c129516 _d129516 |
||
| 008 | 190430b xxu||||| |||| 00| 0 eng d | ||
| 020 | _a0-9481-53-5 | ||
| 050 | _aBV215.N24 1988 | ||
| 100 |
_aNeary, Donal _946120 |
||
| 245 |
_aCome and pray: _breflective prayers on the call of the gospel _c/ by Donal Neary |
||
| 260 |
_aDublin: _bThe Columba Press, _cc1988. |
||
| 300 |
_a72p. ; _c17cm. |
||
| 650 |
_aPrayer _946122 |
||
| 942 |
_2lcc _cMONOGRAPH |
||